000 00617nam a2200241Ia 4500
001 23661
005 20240114000732.0
007 ta
008 060329s1903 g b000 u 465 u
040 _aCotton College,Assam
041 _a465
082 _a823
_bAl 53 H
100 _aAllen, Inglis .
245 0 _aHighways and Byways /
_cInglis Allen.
_hTextual Documents
250 _a1st ed. /
260 _aLondon :
_bArchibald Constable & Co ,
_c1903.
300 _a263p. ;
_c17cm.
653 _aEnglish Novel
653 _aG-English
942 _2ddc
_cBK
999 _c23643
_d23643